000 00217 a2200097 4500
001 18589
100 _aJafri R.A
245 _aWajid ali shah aur unka ahed
260 _a
_bSh ghulam ali
_c1967
090 _c13817
_d13817
942 _aNUST-CAE
_cM
_c4244
999 _c253662
_d253662